| 000 | 00955nam a2200265Ia 4500 | ||
|---|---|---|---|
| 005 | 20240530110955.0 | ||
| 008 | 140319s2008 xx 000 0 ara d | ||
| 020 | _a9789774551995 | ||
| 040 |
_aGCL / _cGCL |
||
| 082 | 0 | 4 |
_a658 / _bم ا |
| 100 | 1 | _aموردن ، تونى | |
| 245 | 1 | 0 |
_aاساسيات علم الادارة / _cتاليف موردن ، تونى ؛ مترجم خالد العامرى |
| 260 |
_aالقاهرة : _bدار الفاروق للاستثمارات الثقافية، _c2008 |
||
| 300 |
_a767 ص؛ _c24 سم |
||
| 650 | 0 | 4 | _aالادارة |
| 650 | 0 | 4 | _aمبادئ علم الادارة |
| 650 | 0 | 4 | _aالقيادة |
| 650 | 0 | 4 | _aالعولمة |
| 650 | 0 | 4 | _aالادارة الدولية |
| 650 | 0 | 4 | _aادارة المعرفة |
| 650 | 0 | 4 | _aالادارة الاستراتيجية |
| 700 |
_aخالد العامرى _eمترجم |
||
| 942 |
_2ddc _cBK |
||
| 999 |
_c67080 _d67080 |
||